| 000 | 01460cam a22003855a 4500 | ||
|---|---|---|---|
| 001 | 011932438 | ||
| 003 | EG-ScBUE | ||
| 005 | 20220404112232.0 | ||
| 008 | 030630r20031995enkb f b 001 1 eng d | ||
| 020 | _a9780140449303 (pbk) | ||
| 040 |
_aIeDuTC _beng _erda _dUk _dEG-ScBUE _dEG-ScBUE _cEG-ScBUE |
||
| 041 | 1 |
_aeng _hita |
|
| 082 | 0 | 4 |
_a853.1 _bBOC _222 |
| 100 | 1 |
_aBoccaccio, Giovanni, _d1313-1375, _eauthor. _939311 |
|
| 240 | 1 | 0 |
_aDecamerone. _lEnglish |
| 245 | 1 | 4 |
_aThe Decameron / _cGiovanni Boccaccio ; translated with an introduction and notes by G. H. McWilliam. |
| 250 |
_aSecond edition, _bReprinted edition. |
||
| 264 | 1 |
_aLondon : _bPenguin Books, _c2003. |
|
| 300 |
_acli, 909 pages : _bmaps ; _c20 cm. |
||
| 336 |
_2rdacontent _atext _btxt |
||
| 337 |
_2rdamedia _aunmediated _bn |
||
| 338 |
_2rdacarrier _avolume _bnc |
||
| 490 | 0 | _aPenguin classics | |
| 500 | _aReprint of 2nd edition originally published, 1995. Previous edition, 1972. | ||
| 504 | _aIncludes bibliographical references and index. | ||
| 546 | _aText in English ; translated from the original Italian. | ||
| 650 | 7 |
_aStorytelling _vFiction. _2BUEsh _924892 |
|
| 650 | 7 |
_aItalian fiction _xTranslations into English. _vBUEsh _2BUEsh |
|
| 650 | 7 |
_aPlague _zEurope _xHistory _vFiction. _2BUEsh |
|
| 651 | _2BUEsh | ||
| 653 |
_cJuly2015 _cFebruary2016 _bHHUUEENN |
||
| 655 |
_vReading book _934232 |
||
| 700 | 1 |
_aMcWilliam, G. H. _q(George Henry) _etranslator. |
|
| 942 |
_2ddc _cBB |
||
| 999 |
_c20145 _d20117 |
||